Älteste Demokratien der Welt - Statistiken

Allgemein
  • Dieses Quiz wurde 237 mal gespielt
  • Das Durchschnittsergebnis liegt bei 18 aus 21
Antwortstatistiken
seit Land % Korrekt
1776 Vereinigte Staaten
99%
1949 Deutschland
98%
1900 Norwegen
94%
1917 Schweden
94%
1946 Frankreich
93%
1885 Vereinigtes Königreich
93%
1848 Schweiz
92%
1867 Kanada
91%
1917 Finnland
90%
1946 Italien
90%
1946 Österreich
90%
1901 Dänemark
87%
1901 Australien
86%
1894 Belgien
86%
1897 Niederlande
86%
1890 Luxemburg
83%
1922 Irland
80%
1857 Neuseeland
80%
1918 Island
78%
1945 San Marino
49%
1948 Israel
38%
Keine übereinstimmenden Quizze gefunden
Verteilung der Resultate
Anzahl Personen mit jedem Resultat
Perzentil nach korrekt beantworteten Fragen
Ihre Resultats-Entwicklung
Sie haben dieses Quiz noch nicht gespielt